Project management / (Record no. 24325)

MARC details
000 -LEADER
fixed length control field 00545nam a22002057a 4500
020 ## - INTERNATIONAL STANDARD BOOK NUMBER
ISBN 9788131510315
041 ## - LANGUAGE CODE
Language code of text/sound track or separate title English
082 ## - DEWEY DECIMAL CLASSIFICATION NUMBER
Classification number 658.404
Item number GID
100 ## - MAIN ENTRY--AUTHOR NAME
Author name Gido, Jack.
245 ## - TITLE STATEMENT
Title Project management /
Statement of responsibility, etc Jack Gido, James P. Clements.
260 ## - PUBLICATION, DISTRIBUTION, ETC. (IMPRINT)
Place of publication New Delhi :
Name of publisher Cengage Learning ,
Year of publication 2007.
300 ## - PHYSICAL DESCRIPTION
Number of Pages 374 pages ;
Dimensions 24 cm.
504 ## - BIBLIOGRAPHY, ETC. NOTE
Bibliography, etc includes index.
650 ## - SUBJECT ADDED ENTRY--TOPICAL TERM
Subject Project management.
650 ## - SUBJECT ADDED ENTRY--TOPICAL TERM
Subject Project planning.
650 ## - SUBJECT ADDED ENTRY--TOPICAL TERM
Subject Time management.
700 ## - ADDED ENTRY--PERSONAL NAME
Author 2/ Editor Clements, James P.
942 ## - ADDED ENTRY ELEMENTS (KOHA)
Source of classification or shelving scheme Dewey Decimal Classification
Koha item type Books
Holdings
Withdrawn status Lost status Source of classification or shelving scheme Damaged status Not for loan Home library Current library Shelving location Date acquired Source of acquisition Cost, normal purchase price Full call number Accession Number Price effective from Koha item type
    Dewey Decimal Classification     Institute of Public Enterprise, Library Institute of Public Enterprise, Library S Campus 05/02/2026 Gifted by Prof. S. Sathish Kumar (IPE Faculty ) 325.00 658.404 GID 51039 05/02/2026 Books

Maintained and Designed by
2cqr automation private limited, Chennai. All Rights Reserved.

You are Visitor Number

PHP Hits Count